000 00304nam a22001337a 4500
008 171107b xxu||||| |||| 00| 0 eng d
020 _a978995634438
041 _aalb
080 _a330.722.6
100 _a62
101 _aKON
245 _aKONTABILITETI I KOSTO-DREJTIMIT
_cLAMANI,D
942 _2udc
_cBK
999 _c37987
_d37987